Call back yesterday

Bibliographic Details
Main Author: Forman, James D. (Author)
Format: Book
Published: New York : Charles Scribner , c1981

MARC

LEADER 00000cam a2200000 7i4500
001 0000008623
005 20070715093000.0
008 021119s1981
020 |a 0684171686 
090 0 0 |a PZ7.F76   |b C3 1981 f 
100 0 |a Forman, James D. ,   |e author 
245 0 0 |a Call back yesterday   |c James D. Forman 
260 2 |a New York :   |b Charles Scribner ,   |c c1981 
300 |a 163 p. ; ;   |c 22 cm. 
999 |a 1000052225   |b Book   |c OPEN SHELF (30 DAYS)   |e Gong Badak Campus 
999 |a 1000055665   |b Book   |c OPEN SHELF (30 DAYS)   |e Gong Badak Campus